|
|
|
|
| LEADER |
01076nam a2200253 a 4500 |
| 001 |
12768506 |
| 008 |
090817s2002 nyu b 001 0 eng d |
| 010 |
|
|
|a 2002069781
|
| 020 |
|
|
|a 0415941601 (hb : alk. paper)
|
| 040 |
|
|
|a DLC
|c DLC
|d DLC
|
| 082 |
0 |
0 |
|a 415
|2 21
|
| 100 |
1 |
|
|a Kavitskaya, Darya,
|d 1969-
|
| 245 |
1 |
0 |
|a Compensatory lengthening :
|b phonetics, phonology, diachrony /
|c Darya Kavitskaya.
|
| 260 |
|
|
|a New York :
|b Routledge,
|c 2002.
|
| 300 |
|
|
|a xii, 224 p. ;
|c 24 cm.
|
| 490 |
0 |
|
|a Outstanding dissertations in linguistics
|
| 504 |
|
|
|a Includes bibliographical references (p. 201-217) and index.
|
| 541 |
1 |
|
|e 00009721
|
| 650 |
|
0 |
|a Grammar, Comparative and general
|x Compensatory lengthening.
|
| 650 |
|
0 |
|a Autosegmental theory (Linguistics)
|
| 650 |
|
0 |
|a Grammar, Comparative and general
|x Phonology.
|
| 852 |
4 |
|
|a Ayesha Abed Library
|j General shelf
|
| 999 |
|
|
|c 3190
|d 3190
|
| 952 |
|
|
|0 0
|1 0
|2 ddc
|4 0
|6 415_KAV_200200000000000
|7 0
|9 2892
|a BRACUL
|b BRACUL
|c GEN
|d 2009-08-30
|g 0.00
|l 0
|o 415 KAV
|p 3010009721
|r 2009-08-30
|t 1
|w 2009-08-30
|y BK
|x No price found in the accession register.
|